| 000 | 01649nam a2200493 i 4500 | ||
|---|---|---|---|
| 001 | 38297 | ||
| 003 | KOSZ 005 | ||
| 005 | 20240405063123.0 | ||
| 008 | 991109s1999 pl a f f |000 0 pol | ||
| 015 | _aPB 1999/17270 | ||
| 020 | _a8301129328 | ||
| 040 |
_aWA N _cWA N _dKOSZ 005/HR |
||
| 041 | 0 | _apol | |
| 046 | _k1999 | ||
| 080 | _a330 | ||
| 080 | _a338.1(438) | ||
| 080 | _a(075.8) | ||
| 245 | 0 | 0 |
_aElementarne zagadnienia ekonomii / _cred. nauk. Roman Milewski ; aut. Marek Belka [et al.]. |
| 250 | _aWyd. 2 zm. i rozsz. (dodr.). | ||
| 260 |
_aWarszawa : _bWydawnictwo Naukowe PWN, _c1999. |
||
| 300 |
_a491, [1] s. : _bwykr., err. ; _c24 cm. |
||
| 336 |
_2rdacontent _aTekst _btxt |
||
| 337 |
_2rdamedia _aBez urządzenia pośredniczącego _bn |
||
| 337 | _2rdacarrier | ||
| 338 |
_2rdacarrier _aWolumin _bnc |
||
| 380 | _aKsiążki | ||
| 380 | _aPublikacje dydaktyczne | ||
| 385 |
_mPoziom nauczania _aSzkoły wyższe |
||
| 388 | _a1901-2000 | ||
| 388 | _a1989-2000 | ||
| 521 | 8 | _aPodręcznik dla ekonomicznych studiów licencjackich i kierunków pozaekonomicznych. | |
| 648 | _a1901-2000 | ||
| 648 | _a1989-2000 | ||
| 650 | 4 | _aEkonomia | |
| 650 | 4 | _aGospodarka | |
| 651 | 4 | _aPolska | |
| 655 | 4 | _aPodręczniki akademickie | |
| 658 | _aGospodarka, ekonomia, finanse | ||
| 700 | 1 |
_aMilewski, Roman _d(1940-2001) _eRedakcja |
|
| 700 | 1 |
_aBelka, Marek _d(1952- ) _eAutor |
|
| 710 | 2 |
_aWydawnictwo Naukowe PWN _4pbl. |
|
| 856 |
_uhttp://koha.tu.koszalin.pl/cgi-bin/koha/opac-detail.pl?biblionumber=38297 _yKatalog online BPK |
||
| 942 |
_2UKD _cKS |
||
| 999 |
_c38297 _d38297 |
||